Maintenance of public order : (Record no. 126302)

MARC details
000 -LEADER
fixed length control field 00649nam a22002177a 4500
005 - DATE AND TIME OF LATEST TRANSACTION
control field 20170124110008.0
010 ## - LIBRARY OF CONGRESS CONTROL NUMBER
LC control number B-165873
020 ## - INTERNATIONAL STANDARD BOOK NUMBER
Terms of availability 115.00
035 ## - SYSTEM CONTROL NUMBER
System control number B-165873
037 ## - SOURCE OF ACQUISITION
Source of stock number/acquisition Cen Lib/Ret
040 ## - CATALOGING SOURCE
Original cataloging agency DPL
Language of cataloging EN
082 ## - DEWEY DECIMAL CLASSIFICATION NUMBER
Classification number 350.75
Item number SAM
100 ## - MAIN ENTRY--PERSONAL NAME
Personal name Samar Singh
9 (RLIN) 17179
245 ## - TITLE STATEMENT
Title Maintenance of public order :
Statement of responsibility, etc by Samar Singh
Remainder of title a source book /
260 ## - PUBLICATION, DISTRIBUTION, ETC. (IMPRINT)
Place of publication, distribution, etc New Delhi
Name of publisher, distributor, etc National book trust ,India
Date of publication, distribution, etc 2004
270 ## - ADDRESS
Address A-5,Green Park
City New Delhi
Postal code 110016
300 ## - PHYSICAL DESCRIPTION
Extent xvii,153p.
Dimensions 22cm(Hb)
650 ## - SUBJECT ADDED ENTRY--TOPICAL TERM
Topical term or geographic name as entry element Political science
9 (RLIN) 89713
650 ## - SUBJECT ADDED ENTRY--TOPICAL TERM
Topical term or geographic name as entry element Public policy (Law)
Geographic subdivision India
9 (RLIN) 17181
942 ## - ADDED ENTRY ELEMENTS (KOHA)
Source of classification or shelving scheme Dewey Decimal Classification
Koha item type English Books
Classification part 350.75
Call number suffix SAM
Holdings
Withdrawn status Lost status Damaged status Not for loan Home library Current library Date acquired Source of acquisition Cost, normal purchase price Total Checkouts Total Renewals Full call number Barcode Date last seen Date checked out Copy number Cost, replacement price Price effective from Koha item type
        Central Library Central Library 25/06/2015 Cen Lib/Ret 115.00 2 2 350.75 SAM B-165873 05/01/2023 26/12/2022 1 115.00 25/06/2015 English Books

© Delhi Public Library
Hit Counter
free hit counter